Thomas Mann, the ironic German (Record no. 78536)

MARC details
000 -LEADER
fixed length control field 00590nam a2200205Ia 4500
008 - FIXED-LENGTH DATA ELEMENTS--GENERAL INFORMATION
fixed length control field 191130s2010##################000#0#eng##
020 ## - INTERNATIONAL STANDARD BOOK NUMBER
ISBN 9780521280228
082 ## - DEWEY DECIMAL CLASSIFICATION NUMBER
Classification number 928.31 HEL
100 ## - MAIN ENTRY--AUTHOR NAME
Personal name Heller, Erich
245 ## - TITLE STATEMENT
Title Thomas Mann, the ironic German
Statement of responsibility, etc by Erich Heller
250 ## - EDITION STATEMENT
Edition statement Rev. ed
260 ## - PUBLICATION, DISTRIBUTION, ETC. (IMPRINT)
Place of publication Cambridge
Name of publisher Cambridge University Press
Year of publication 2010
300 ## - PHYSICAL DESCRIPTION
Number of Pages 314 p. ; 23 cm
650 ## - SUBJECT ADDED ENTRY--TOPICAL TERM
Topical Term Mann, Thomas, 1875-1955 - Criticism and interpretation
991 ## -
-- 133816
Holdings
Withdrawn status Lost status Damaged status Not for loan Home library Current library Shelving location Date acquired Full call number Accession Number Price effective from Koha item type
        Anna Centenary Library Anna Centenary Library 7TH FLOOR, B WING 09.10.2020 928.31 HEL 232835 09.10.2020 English Books

Find us on the map